El cazador de historias

Guardat en:
Dades bibliogràfiques
Autor principal: Galeano, Eduardo (Autor)
Format: Llibre
Idioma:espanyol
Publicat: Buenos Aires Siglo Veintiuno 2016
Edició:1a. ed
Col·lecció:Biblioteca Eduardo Galeano
Matèries:
Etiquetes: Afegir etiqueta
Sense etiquetes, Sigues el primer a etiquetar aquest registre!

MARC

LEADER 00000cam a2200000 a 4500
001 UCD3405
003 CL-VaPUC
008 160603e20160500ag |||||||||||||||||spa|d
020 |a 9789876296281 
082 0 4 |a Ur863  |b GAL  |2 21 
100 |a Galeano, Eduardo  |e author  |9 599485 
245 1 3 |a El cazador de historias 
250 |a 1a. ed 
300 |a 268 p 
942 |c BK 
945 |d 20160603 11:43:00  |a arojas 
260 |a Buenos Aires  |b Siglo Veintiuno  |c 2016 
650 0 |a Novelas uruguayas  |9 317140 
650 0 |a Literatura uruguaya  |9 342815 
583 |a last modification  |c 20160603 11:43:00  |k Rodrigo Vera 
490 0 |a Biblioteca Eduardo Galeano 
999 |c 364441  |d 364439 
952 |0 0  |1 0  |3 erb  |4 0  |6 UR_863_000000000000000_GAL_2016  |7 0  |8 R  |9 477623  |a BIBEDU  |b BIBEDU  |c MCIRC  |i 5288940  |o Ur863 GAL 2016  |p 5288940  |r 2023-01-13  |w 2019-11-24  |y BK_R  |z Catalogado en:20160603  |k EDI